Αρχιτεκτονική και προγραμματισμός του μικροελεγκτή AVR

Αποθηκεύτηκε σε:
Λεπτομέρειες βιβλιογραφικής εγγραφής
Κύριος συγγραφέας: Παπάζογλου, Παναγιώτης Μ.
Μορφή: Βιβλίο
Γλώσσα:Greek
Δημοσίευση: Θεσσαλονίκη : Εκδόσεις Τζιόλα, c2018.
Ετικέτες: Προσθήκη ετικέτας
Δεν υπάρχουν, Καταχωρήστε ετικέτα πρώτοι!

MARC

LEADER 00000nam a2200000 a 4500
001 1/125820
008 230111t2018####gr | ||| |||| ||gre||
020 |a 9789604187126 
040 |a GR-MyUa  |b gre  |c GR-MyUa  |e AACR2 
041 0 |a gre 
082 7 |a 004.22  |2 (23) 
100 1 |a Παπάζογλου, Παναγιώτης Μ. 
245 1 0 |a Αρχιτεκτονική και προγραμματισμός του μικροελεγκτή AVR/   |c Παναγιώτης Παπάζογλου.  
246 1 |i Τίτλος εξωφύλου: Αρχιτεκτονική & προγραμματισμός του μικροελεγκτή AVR  
260 |a Θεσσαλονίκη :   |b Εκδόσεις Τζιόλα,   |c c2018.  
300 |a 520 σ. :   |b έγχρ. εικ. ;   |c 24 εκ. 
504 |a Βιβλιογραφία: σ. 519-520.  
852 |a INST  |b SAMOS  |c EUDOXUS  |e 20230109  |h 004.22 ΠΑΠ  |p 005300047423  |q 005300047423  |t EDX  |y 23 
852 |a INST  |b SAMOS  |c EUDOXUS  |e 20230109  |h 004.22 ΠΑΠ  |p 005300047424  |q 005300047424  |t EDX  |y 0 
852 |a INST  |b SAMOS  |c EUDOXUS  |e 20230109  |h 004.22 ΠΑΠ  |p 005300047425  |q 005300047425  |t EDX  |y 0 
920 |a Εύδοξος  |b Παραγγελία  |y Σάμος-ΤΜΠΕΣ  |z 2022-12 
970 |a Φιλιππή  |b Φάλη  |z 11-01-2022